|
|
|
|
| LEADER |
00000nam a2200000Ii 4500 |
| 001 |
DIGEDICNSB0214 |
| 003 |
NyNyDIG |
| 008 |
221020s2016 sp o 000 0 spa d |
| 006 |
m o d |
| 007 |
cr ||||||||||| |
| 035 |
|
|
|a (OCoLC)1379475390
|
| 040 |
|
|
|a DGITA
|b eng
|e rda
|e pn
|c DGITA
|
| 043 |
|
|
|a s-ag---
|
| 020 |
|
|
|a 9789876276832
|q eBook
|
| 020 |
|
|
|z 9789504360247
|
| 050 |
1 |
4 |
|a ML3534.6.A7 ebook
|
| 100 |
1 |
|
|a Cibeira, Juan Manuel,
|e author.
|
| 245 |
1 |
3 |
|a La biblia del rock :
|b historias de la revista Pelo /
|c Juan Manuel Cibeira.
|
| 264 |
|
1 |
|a Ciudad Autónoma de Buenos Aires, Argentina :
|b Ediciones B Argentina,
|c 2016.
|
| 300 |
|
|
|a 1 online resource.
|
| 336 |
|
|
|a text
|b txt
|2 rdacontent
|
| 337 |
|
|
|a computer
|b c
|2 rdamedia
|
| 338 |
|
|
|a online resource
|b cr
|2 rdacarrier
|
| 347 |
|
|
|a text file
|2 rdaft
|
| 347 |
|
|
|b EPUB
|
| 588 |
0 |
|
|a Online resource; title from ePub title page (Digitalia, viewed October 20, 2022)
|
| 650 |
|
0 |
|a Rock music
|z Argentina
|x History and criticism.
|
| 650 |
|
0 |
|a Musical criticism
|z Argentina
|x History.
|
| 791 |
2 |
|
|a Digitalia (Firm),
|e distributor.
|
| 793 |
0 |
|
|g Digitalia eBook Collection:
|a Ediciones B
|
| 776 |
0 |
8 |
|i Print version:
|a Cibeira, Juan Manuel.
|t Biblia del rock.
|b 1a edición.
|d Ciudad Autónoma de Buenos Aires, Argentina : Ediciones B Argentina, [2016]
|z 9789504360247
|
| 856 |
4 |
0 |
|3 Digitalia Hispánica
|u https://www.digitaliapublishing.com/a/54596/
|
| 910 |
|
|
|a Premium collection: 2022
|